000 00759nam a22002177a 4500
003 OSt
005 20250830005659.0
008 250830b |||||||| |||| 00| 0 eng d
020 _a9789712719318
040 _aDWC-Main Lib.
_cOC
100 _aCORBETT, JOHN
245 _aAn intercultural approach to English language teaching/
_cCORBETT, JOHN
260 _aPasig City, Philippines :
_bAnvil Publishing,
_cc2007.
300 _ax, 229 pages :
_billustrations ;
_c23 cm.
504 _aIncludes bibliographical references and index.
650 _a1. English language--Study and reaching.
650 _a2. Intercultural communication.
650 _a3. Language and culture.
650 _a4. Multicultural education.
942 _2ddc
_cBK-CIRC
_hCirc.
_n0
999 _c4378
_d4378